000 00724nam a22002531 4500
999 _c7948
_d7948
001 7948
003 BD-JhCC
005 20180215173842.0
008 990430r19561968nyu 001 0 eng d
035 _a(BD-JhCC)7948
040 _aBD-JhCC
_dBD-JhCC
041 _aeng
082 _a301.23
_bCOS 1968
100 1 _aCoser, Lewis A.,
_d1913-2003.
245 1 4 _aThe functions of social conflict /
_cLewis A. Coser.
260 _aNew York :
_bThe Free Press ;
_aLondon :
_bMacmillan,
_c1956.
300 _a188 p. ;
_c21 cm.
500 _aA Free Press paperback.
504 _aIncludes bibliographical references and index.
650 0 _aSocial conflict.
650 0 _aSocial psychology
942 _2ddc
_cBK